From hope to higher ground: 12 stops to restoring America's greatness (Record no. 4138)

000 -LEADER
fixed length control field 01785 a2200253 4500
020 ## - INTERNATIONAL STANDARD BOOK NUMBER
International Standard Book Number 1599957043
020 ## - INTERNATIONAL STANDARD BOOK NUMBER
International Standard Book Number 9781599957043
040 ## - CATALOGING SOURCE
Original cataloging agency DLC
Language of cataloging DLC
082 00 - DEWEY DECIMAL CLASSIFICATION NUMBER
Classification number 646.700973
100 1# - MAIN ENTRY--PERSONAL NAME
Personal name Huckabee, Mike,
245 10 - TITLE STATEMENT
Title From hope to higher ground: 12 stops to restoring America's greatness
Remainder of title 12 stops to restoring America's greatness
Statement of responsibility, etc. Mike Huckabee
250 ## - EDITION STATEMENT
Edition statement 1st ed.
260 ## - PUBLICATION, DISTRIBUTION, ETC.
Place of publication, distribution, etc. New York :
Name of publisher, distributor, etc. Center Street,
Date of publication, distribution, etc. 2007.
300 ## - PHYSICAL DESCRIPTION
Extent x, 196 p. ;
Dimensions 24 cm.
500 ## - GENERAL NOTE
General note "Governor Mike Huckabee of Arkansas presents a vision for what America can become with the right kind of leadership, a clear direction, and a people who are willing to believe that the World War II generation doesn't have to be the last "greatest generation.""--Provided by the publisher.
505 0# - FORMATTED CONTENTS NOTE
Formatted contents note Hope is where it starts -- 12 stops to restoring America's greatness -- Stop being cynical -- Stop thinking horizontally -- Stop cheating our children -- Stop the culture of chronic disease -- Stop abusing our planet -- Stop the revenge-based justice system -- Stop robbing the taxpayers -- Stop the heat and turn on the light (cool heads for hot issues) -- Stop the loss of America's prestige -- Stop moving the landmarks of liberty -- Stop the loss of good jobs and the erosion of agriculture -- Stop being a selfish citizen.
650 #0 - SUBJECT ADDED ENTRY--TOPICAL TERM
Topical term or geographic name entry element Conduct of life.
650 #0 - SUBJECT ADDED ENTRY--TOPICAL TERM
Topical term or geographic name entry element Life skills
Geographic subdivision United States.
651 #0 - SUBJECT ADDED ENTRY--GEOGRAPHIC NAME
Geographic name United States
General subdivision Social conditions
Chronological subdivision 21st century.
856 41 - ELECTRONIC LOCATION AND ACCESS
Materials specified Table of contents only
Uniform Resource Identifier <a href="http://www.loc.gov/catdir/toc/ecip0618/2006024374.html">http://www.loc.gov/catdir/toc/ecip0618/2006024374.html</a>
856 41 - ELECTRONIC LOCATION AND ACCESS
Materials specified Publisher description
Uniform Resource Identifier <a href="http://www.loc.gov/catdir/enhancements/fy0660/2006024374-d.html">http://www.loc.gov/catdir/enhancements/fy0660/2006024374-d.html</a>
856 41 - ELECTRONIC LOCATION AND ACCESS
Materials specified Contributor biographical information
Uniform Resource Identifier <a href="http://www.loc.gov/catdir/enhancements/fy0742/2006024374-b.html">http://www.loc.gov/catdir/enhancements/fy0742/2006024374-b.html</a>
942 ## - ADDED ENTRY ELEMENTS (KOHA)
Koha item type Book
Call number prefix 973 HUC
Source of classification or shelving scheme
Holdings
Withdrawn status Lost status Damaged status Not for loan Collection code Permanent Location Current Location Shelving location Date acquired Source of acquisition Cost, normal purchase price Total Checkouts Full call number Barcode Date last seen Price effective from Koha item type
          Central Library (CL) Central Library (CL) General Stacks 03/30/2007 Progressive International Agencies 1305.00   973 HUC seecs008292 11/14/2012 01/05/2017 Book
© 2023 Central Library, National University of Sciences and Technology. All Rights Reserved.